Loading...
| Fine Arts - Classical Music | 0 | 8 | 1 | 2 | 75 | 49 | 87.50 | 1 | 6 |
| Science - Biology | 0 | 4 | 0 | 0 | 40 | 35 | 63.50 | 2 | 4 |
| Literature - British Literature | 0 | 3 | 1 | 0 | 25 | 28 | 59.00 | 1 | 3 |
| Literature - European Literature | 0 | 3 | 1 | 0 | 25 | 53 | 90.00 | 0 | 2 |
| Mythology | 0 | 2 | 0 | 0 | 20 | 48 | 63.00 | 0 | 1 |
| Philosophy | 0 | 2 | 0 | 1 | 20 | 57 | 93.50 | 1 | 1 |
| Fine Arts - Other Fine Arts | 0 | 2 | 0 | 0 | 20 | 70 | 88.50 | 1 | 1 |
| Science - Chemistry | 0 | 2 | 0 | 0 | 20 | 80 | 88.50 | 0 | 1 |
| Fine Arts - Visual Fine Arts | 0 | 2 | 0 | 0 | 20 | 60 | 62.00 | 0 | 2 |
| History - Other History | 0 | 2 | 0 | 1 | 20 | 104 | 106.00 | 0 | 0 |
| Literature - World/Other Literature | 0 | 2 | 1 | 0 | 15 | 124 | 125.50 | 0 | 1 |
| Geography/Current Events | 0 | 1 | 0 | 0 | 10 | 71 | 71.00 | 0 | 1 |
| History - European History | 0 | 1 | 0 | 0 | 10 | 65 | 65.00 | 1 | 1 |
| Social Science | 0 | 1 | 0 | 0 | 10 | 100 | 100.00 | 0 | 0 |
| History - American History | 0 | 1 | 0 | 0 | 10 | 96 | 96.00 | 0 | 0 |
| Literature - American Literature | 0 | 1 | 1 | 0 | 5 | 130 | 130.00 | 0 | 0 |